000
00319nam a22001337a 4500
005
20240302101813.0
008
240302b ||||| |||| 00| 0 eng d
040
_c
AL
041
_a
English
082
_2
23
_a
954.029
_b
NATE
100
_a
Natyan and others
_9
152583
245
_a
Exploreing Karnataka
942
_2
ddc
_c
BK
999
_c
229966
_d
229966